• 首页
  • 本馆介绍
  • 公告通知
  • 最新文献
  • 馆藏检索
  • 电子资源
  • 读者导购
  • 参考咨询
  • 我的图书馆
  • 登录
  • 详细信息显示
  • 放入我的书架
  • 预约/预借图书
  • 作者相关作品
  • 分类相关作品
  • 丛书相关作品
  • 出版社相关作品

书目信息

  • 表格格式
  • 工作单格式
  • 卡片格式
题名:
弦乐合奏曲
    
 
作者: 林德虹 曲
分册:   思
出版信息: 北京   人民音乐出版社  1981
页数: 10页
开本: 20cm
丛书名:
单 册:
中图分类: J647.2
科图分类:
主题词: 音乐--作品--中国
电子资源:
ISBN:
000 00539nam0 2200205 450
001 0637037400
005 20060509101944.32
010    @dCNY0.20
100    @a20060509d1981 km y0chiy0120 ea
101 0  @achi
102    @aCN@b110000
200 1  @a弦乐合奏曲@Axian yue he zou qu@i思@f林德虹曲@Flin de hong qu
210    @a北京@c人民音乐出版社@d1981
215 1  @a10页@d20cm
517 1  @a思@Asi
606 0  @a音乐@x作品@x中国
690    @aJ647.2@v4
701  0 @a林德虹@Alin de hong@4曲
801  0 @aCN@bPFT@c20060509
905    @a10447@dJ647.2@e5
    
    弦乐合奏曲.思/林德虹曲.-北京:人民音乐出版社,1981
    10页;20cm
    
    
    ISBN :CNY0.20
    
●
相关链接 在E读中查询图书 在五车中查询图书 在当当中查询图书 在豆瓣中查询图书


正题名:弦乐合奏曲     索取号:J647.2/5         预约/预借

序号 登录号 条形码 馆藏地/架位号 状态 备注
1 0059787   202333830   密集书库/ [索取号:J647.2/5] 在馆    
2 0059788   202333867   密集书库/ [索取号:J647.2/5] 在馆    
3 0059789   202333876   密集书库/ [索取号:J647.2/5] 在馆    
唐山师范学院图书馆 欢迎您!
大连网信软件有限公司© 版权所有